Advanced Accounting (Record no. 1088)

MARC details
000 -LEADER
fixed length control field 00445nam a2200157Ia 4500
008 - FIXED-LENGTH DATA ELEMENTS--GENERAL INFORMATION
fixed length control field 230312s9999||||xx |||||||||||||| ||und||
020 ## - INTERNATIONAL STANDARD BOOK NUMBER
International Standard Book Number 0-07-252351-4
082 ## - DEWEY DECIMAL CLASSIFICATION NUMBER
Classification number 657.046
Item number HOY-A
100 ## - MAIN ENTRY--PERSONAL NAME
Personal name Hoyle Joe , B.
245 #0 - TITLE STATEMENT
Title Advanced Accounting
260 ## - PUBLICATION, DISTRIBUTION, ETC.
Name of publisher, distributor, etc. McGraw Hill
Place of publication, distribution, etc. Boston
Date of publication, distribution, etc. 2004
300 ## - PHYSICAL DESCRIPTION
Extent 901
546 ## - LANGUAGE NOTE
Language note Eng.
650 ## - SUBJECT ADDED ENTRY--TOPICAL TERM
Topical term or geographic name entry element Accounting
Form subdivision Equity Method of Accounting for Investment , Accounting for Estates and Trusts
942 ## - ADDED ENTRY ELEMENTS (KOHA)
Koha item type BOOK
Holdings
Withdrawn status Lost status Damaged status Not for loan Home library Current library Date acquired Total Checkouts Full call number Barcode Date last seen Price effective from Koha item type
        Superior Information Resource Center (SIRC) Superior University- Main Campus Superior Information Resource Center (SIRC) Superior University- Main Campus 03/13/2023   657.046 HOY-A 1098 03/13/2023 03/13/2023 BOOK

Powered by Koha